| 000 | 00579nam a2200229Ia 4500 | ||
|---|---|---|---|
| 008 | 171120s9999 xx 000 0 und d | ||
| 020 | _a9.7807554727e+012 | ||
| 050 | _a591.39 | ||
| 050 | _bB115 2008 | ||
| 245 | _aBaby animals : | ||
| 245 | _blearn about birth and care baby animals / | ||
| 260 | _aUK : | ||
| 260 | _bRobert Frederick Ltd., | ||
| 260 | _c2008 | ||
| 300 | _a45 pages : | ||
| 300 | _bcolor illustrations ; | ||
| 300 | _c29cm. | ||
| 650 | _aAnimals -- | ||
| 650 | _aAnimals -- | ||
| 650 | _xInfancy -- Juvenile literature. | ||
| 650 | _xInfancy. | ||
| 999 |
_c345203 _d345203 |
||